Vascular Surgery (Post nr. 8694)

MARC-detaljer
000 -LEADER
fixed length control field 03496nam a22004815i 4500
001 - CONTROL NUMBER
control field 59993
005 - DATE AND TIME OF LATEST TRANSACTION
control field 20200226102638.0
007 - PHYSICAL DESCRIPTION FIXED FIELD--GENERAL INFORMATION
fixed length control field cr nn 008mamaa
008 - FIXED-LENGTH DATA ELEMENTS--GENERAL INFORMATION
fixed length control field 161020s2017 gw | s |||| 0|eng d
020 ## - INTERNATIONAL STANDARD BOOK NUMBER
International Standard Book Number 9783319337456
-- 978-3-319-33745-6
024 7# - OTHER STANDARD IDENTIFIER
Standard number or code 10.1007/978-3-319-33745-6
Source of number or code doi
035 ## - SYSTEM CONTROL NUMBER
System control number (DE-He213)978-3-319-33745-6
050 #4 - LIBRARY OF CONGRESS CALL NUMBER
Classification number RD598.5-598.7
072 #7 - SUBJECT CATEGORY CODE
Subject category code MNJ
Source bicssc
072 #7 - SUBJECT CATEGORY CODE
Subject category code MED085050
Source bisacsh
082 04 - DEWEY DECIMAL CLASSIFICATION NUMBER
Classification number 617.413
Edition number 23
245 10 - TITLE STATEMENT
Title Vascular Surgery
Medium [electronic resource] :
Remainder of title A Global Perspective /
Statement of responsibility, etc. edited by Alan Dardik.
264 #1 - PRODUCTION, PUBLICATION, DISTRIBUTION, MANUFACTURE, AND COPYRIGHT NOTICE
Place of production, publication, distribution, manufacture Cham :
Name of producer, publisher, distributor, manufacturer Springer International Publishing :
-- Imprint: Springer,
Date of production, publication, distribution, manufacture, or copyright notice 2017.
300 ## - PHYSICAL DESCRIPTION
Extent XXIV, 385 p. 114 illus., 79 illus. in color.
Other physical details online resource.
336 ## - CONTENT TYPE
Content type term text
Content type code txt
Source rdacontent
337 ## - MEDIA TYPE
Media type term computer
Media type code c
Source rdamedia
338 ## - CARRIER TYPE
Carrier type term online resource
Carrier type code cr
Source rdacarrier
347 ## - DIGITAL FILE CHARACTERISTICS
File type text file
Encoding format PDF
Source rda
505 0# - FORMATTED CONTENTS NOTE
Formatted contents note Aneurysms in North America -- Aneurysms in South America -- Aneurysms in Asia -- Aneurysms in Europe -- Aneurysms in the Middle East -- Peripheral Arterial Occlusive Disease in North America -- Peripheral Arterial Occlusive Disease in South America -- Peripheral Arterial Occlusive Disease in Asia -- Peripheral Arterial Occlusive Disease in Europe -- Peripheral Arterial Occlusive Disease in the Middle East -- Carotid Disease in North America -- Carotid Disease in South America -- Carotid Disease in Asia -- Carotid Disease in Europe -- Carotid Disease in the Middle East -- Access for Hemodialysis in North America -- Access for Hemodialysis in South America -- Access for Hemodialysis in Asia -- Access for Hemodialysis in Europe -- Access for Hemodialysis in the Middle East -- Venous Disease in North America -- Venous Disease in South America -- Venous Disease in Asia -- Venous Disease in Europe -- Venous Disease in the Middle East.
520 ## - SUMMARY, ETC.
Summary, etc. Vascular Surgery: A Global Perspective provides the first review and comparison of the diversity of vascular surgery practice around the world. The book is grouped according to common vascular diseases such as aneurysmal and occlusive arterial disease, as well as venous and lymphatic disease and dialysis access. Each major disease topic includes multiple chapters written by expert specialists from around the world, each discussing their local approach to the disease and its treatment. Similarly, the status of vascular surgery practice is addressed, including discussion of the influence of payment systems on practice, patient access to the internet for information, training paradigms, and the legal system including malpractice. This textbook provides the first worldwide summary of the care of patients with vascular disease and will be of interest to a wide audience including vascular surgeons, vascular medical specialists, cardiologists, radiologists, internists, and family practice physicians.
650 #0 - SUBJECT ADDED ENTRY--TOPICAL TERM
Topical term or geographic name entry element Medicine.
650 #0 - SUBJECT ADDED ENTRY--TOPICAL TERM
Topical term or geographic name entry element Forensic medicine.
650 #0 - SUBJECT ADDED ENTRY--TOPICAL TERM
Topical term or geographic name entry element Interventional radiology.
650 #0 - SUBJECT ADDED ENTRY--TOPICAL TERM
Topical term or geographic name entry element Cardiology.
650 #0 - SUBJECT ADDED ENTRY--TOPICAL TERM
Topical term or geographic name entry element Vascular surgery.
650 14 - SUBJECT ADDED ENTRY--TOPICAL TERM
Topical term or geographic name entry element Medicine & Public Health.
650 24 - SUBJECT ADDED ENTRY--TOPICAL TERM
Topical term or geographic name entry element Vascular surgery.
650 24 - SUBJECT ADDED ENTRY--TOPICAL TERM
Topical term or geographic name entry element Cardiology.
650 24 - SUBJECT ADDED ENTRY--TOPICAL TERM
Topical term or geographic name entry element Interventional radiology.
650 24 - SUBJECT ADDED ENTRY--TOPICAL TERM
Topical term or geographic name entry element Forensic medicine.
700 1# - ADDED ENTRY--PERSONAL NAME
Personal name Dardik, Alan.
Relator term editor.
710 2# - ADDED ENTRY--CORPORATE NAME
Corporate name or jurisdiction name as entry element SpringerLink (Online service)
773 0# - HOST ITEM ENTRY
Title Springer eBooks
776 08 - ADDITIONAL PHYSICAL FORM ENTRY
Relationship information Printed edition:
International Standard Book Number 9783319337432
856 40 - ELECTRONIC LOCATION AND ACCESS
Uniform Resource Identifier <a href="http://dx.doi.org/10.1007/978-3-319-33745-6">http://dx.doi.org/10.1007/978-3-319-33745-6</a>
912 ## -
-- ZDB-2-SME

Inga exemplar finns tillgängliga.

Medicinska biblioteket, Karlskoga lasarett
Måndag och onsdag: 10.00-14.30, Lunchstängt 11.30-12.00.
Fredagar: 10.00-12.00.

Madelene Ribbing, bibliotekarie
Lena Mileraux, biblioteksassistent/administratör
0586-664 49
medbibl.kgalas@regionorebrolan.se




Medicinska biblioteket, Lindesbergs lasarett
Dörren till bibliotket är upplåst mellan 07-16:00 på vardagar.
Dörren i hisshallen är öppen måndag - tosdag 7.00 - 15.00. Fredagar stängt.

Bibliotekets bemanning:
Mån: självbetjäning
Tis, ons och tors: 10-15
Fre: självbetjäning

Madelene Ribbing, bibliotekarie
Telefon: 0581-853 11, 072-14 77 552
medbibl.lbglas@regionorebrolan.se